000 00741nam a2200229 a 4500
001 36806
003 BD-RjUL
005 20211209052539.0
008 140910s1982 ii ||||| |||| 00| 0 ben d
020 _cTk. 24.00
035 _a(BD-RjUL)36908
040 _aBD-RjUL
_bben
_cBD-RjUL
041 _aben
082 _a891.443
_bRAM 1982
_223
100 1 0 _aরাশীদ, সামস
_9112269
245 1 0 _aমনপ্রসূন /
_cসামস রাশীদ
260 _aঢাকা :
_bরাশীদ পাবলিকেশনস,
_c১৯৮২.
300 _a[৪], ১৭৮ পৃ. ;
_c২২ সেমি.
650 _aবাংলা উপন্যাস
_9120119
650 _aBengali Fiction
_9120120
942 _2ddc
_cBK
999 _c36806
_d36806